[Event "Guernsey Open"]
[Site "?"]
[Date "2002.??.??"]
[Round "5"]
[White "Ballon, Guenther Jan"]
[Black "Westerkamp, Bert"]
[Result "1-0"]
[WhiteElo "2219"]
[BlackElo "1961"]
[PlyCount "73"]
[EventDate "2002.10.20"]

1. d4 Nf6 2. c4 e6 3. Nc3 Bb4 4. a3 Bxc3+ 5. bxc3 c5 6. e3 O-O 7. Bd3 Nc6 8.
Ne2 d6 9. O-O e5 10. Ng3 Re8 11. d5 Ne7 12. e4 Ng6 13. f3 h6 14. Re1 Qa5 15.
Qb3 Bd7 16. a4 Rad8 17. Bd2 Qc7 18. a5 Rb8 19. Reb1 b6 20. axb6 Rxb6 21. Rxa7
Rxb3 22. Rxc7 Rxb1+ 23. Bxb1 Rb8 24. Bd3 Rb2 25. Bc1 Rb3 26. Ne2 Kf8 27. Bc2
Rb6 28. Ra7 Rb8 29. g3 Bc8 30. Ba4 Bb7 31. Bb5 Ne7 32. Kf2 Ne8 33. h4 Nc8 34.
Ra5 Nb6 35. Ke3 g6 36. Kd3 Kg7 37. Bxe8 1-0

[Event "Guernsey Open"]
[Site "?"]
[Date "2002.??.??"]
[Round "5"]
[White "Wilson, Alexandra"]
[Black "Rosen, Daniel"]
[Result "1/2-1/2"]
[WhiteElo "1816"]
[BlackElo "2201"]
[PlyCount "53"]
[EventDate "2002.10.20"]

1. e4 g6 2. d4 Bg7 3. Nc3 d6 4. Be3 c6 5. Qd2 Nd7 6. h4 h5 7. Nh3 Nb6 8. Ng5
Nh6 9. f3 Qc7 10. Bd3 Bd7 11. a4 a5 12. O-O-O d5 13. Rhe1 dxe4 14. Bf4 Qc8 15.
Ngxe4 Kf8 16. Nc5 Nf5 17. Bxf5 Bxf5 18. Qe2 Bf6 19. Be5 Kg7 20. Bxf6+ exf6 21.
Qe7 Nd7 22. N3e4 Re8 23. Qd6 Bxe4 24. Nxd7 Re6 25. Nb6 Rxd6 26. Nxc8 Rxc8 27.
fxe4 1/2-1/2

[Event "Guernsey Open"]
[Site "?"]
[Date "2002.??.??"]
[Round "5"]
[White "Kemp, Paul M"]
[Black "Broek, Thomas"]
[Result "1/2-1/2"]
[WhiteElo "2028"]
[BlackElo "2194"]
[PlyCount "45"]
[EventDate "2002.10.20"]

1. d4 e5 2. dxe5 Nc6 3. Nf3 Qe7 4. Nc3 Nxe5 5. e4 Nf6 6. Bg5 c6 7. Qd4 d6 8.
O-O-O Nxf3 9. gxf3 Qe5 10. Qd2 Be6 11. f4 Qa5 12. e5 dxe5 13. fxe5 Qxe5 14. Bc4
Be7 15. Rhe1 Qc7 16. Bxe6 fxe6 17. Bxf6 Bxf6 18. Rxe6+ Kf7 19. Rd6 Rad8 20.
Rd7+ Rxd7 21. Qxd7+ Qxd7 22. Rxd7+ Ke6 23. Rxb7 1/2-1/2

[Event "Guernsey Open"]
[Site "?"]
[Date "2002.??.??"]
[Round "5"]
[White "Thurlow, Kevin"]
[Black "Nicholson, John"]
[Result "1-0"]
[WhiteElo "2203"]
[BlackElo "1712"]
[PlyCount "63"]
[EventDate "2002.10.20"]

1. Nf3 d5 2. b3 Bg4 3. Bb2 Nd7 4. e3 Ngf6 5. Be2 e6 6. O-O Bd6 7. h3 Bh5 8. d4
O-O 9. c4 c6 10. Nbd2 Ne4 11. Nxe4 dxe4 12. Nd2 Bg6 13. f4 exf3 14. Bxf3 e5 15.
Ne4 Bc7 16. Ba3 Re8 17. d5 cxd5 18. cxd5 f5 19. Nc5 Nxc5 20. Bxc5 Bd6 21. Rc1
Rc8 22. Bxd6 Qxd6 23. Qd2 Bf7 24. e4 f4 25. Rxc8 Rxc8 26. Rc1 Rc5 27. b4 Rxc1+
28. Qxc1 Qxb4 29. Qc8+ Qf8 30. Qxb7 Qc5+ 31. Kh2 Be8 32. Qb8 1-0

[Event "Guernsey Open"]
[Site "?"]
[Date "2002.??.??"]
[Round "5"]
[White "Doell, Detlef"]
[Black "Dennis, Nigel"]
[Result "1/2-1/2"]
[WhiteElo "2148"]
[BlackElo "2070"]
[PlyCount "37"]
[EventDate "2002.10.20"]

1. e4 c5 2. c4 Nc6 3. Ne2 g6 4. d4 cxd4 5. Nxd4 Bg7 6. Be3 e6 7. Nc3 Nge7 8.
Ndb5 O-O 9. Be2 a6 10. Nd6 Qc7 11. O-O b6 12. Rc1 Be5 13. c5 bxc5 14. Bxc5 Nd4
15. Nxc8 Qxc5 16. Nxe7+ Qxe7 17. f4 Nxe2+ 18. Qxe2 Bg7 19. Qd3 1/2-1/2

[Event "Guernsey Open"]
[Site "?"]
[Date "2002.??.??"]
[Round "5"]
[White "Kamps, JW."]
[Black "Milnes, Anthony"]
[Result "1/2-1/2"]
[WhiteElo "1993"]
[BlackElo "2128"]
[PlyCount "60"]
[EventDate "2002.10.20"]

1. e4 e6 2. d4 d5 3. Nc3 Bb4 4. Nge2 dxe4 5. a3 Bxc3+ 6. Nxc3 Nc6 7. Bb5 Nge7
8. Nxe4 O-O 9. c3 e5 10. Qh5 exd4 11. Bd3 Bf5 12. Nf6+ gxf6 13. Bxf5 Nxf5 14.
Qxf5 Re8+ 15. Kf1 Qe7 16. Qg4+ Kh8 17. Bd2 Qe4 18. Qxe4 Rxe4 19. cxd4 Rxd4 20.
Bc3 Rd6 21. f3 Kg7 22. Kf2 Ne5 23. h4 h5 24. Rad1 Rad8 25. Rxd6 Rxd6 26. Ke3
Kg6 27. Rc1 Nc4+ 28. Kf4 Rc6 29. Bd4 a5 30. g4 b5 1/2-1/2

[Event "Guernsey Open"]
[Site "?"]
[Date "2002.??.??"]
[Round "5"]
[White "Hunt, L."]
[Black "Fassaert, D."]
[Result "1/2-1/2"]
[WhiteElo "1744"]
[BlackElo "2095"]
[PlyCount "46"]
[EventDate "2002.10.20"]

1. e4 c6 2. d4 d5 3. exd5 cxd5 4. Bf4 Nf6 5. Nc3 a6 6. Bd3 Nc6 7. Nce2 Bg4 8.
c3 e6 9. Qc2 Rc8 10. f3 Bh5 11. Qd2 Be7 12. Nh3 Bg6 13. Nf2 b5 14. O-O Qb6 15.
b4 a5 16. a3 Bxd3 17. Nxd3 O-O 18. Kh1 Ra8 19. Rfb1 axb4 20. axb4 Ra7 21. Nec1
Rfa8 22. Qb2 Ne8 23. Nb3 Bd6 1/2-1/2

[Event "Guernsey Open"]
[Site "?"]
[Date "2002.??.??"]
[Round "5"]
[White "Barnard, PE."]
[Black "Kuijpers, CF."]
[Result "1/2-1/2"]
[WhiteElo "1840"]
[BlackElo "2080"]
[PlyCount "39"]
[EventDate "2002.10.20"]

1. e4 e6 2. d4 d5 3. e5 c5 4. c3 Qb6 5. Nf3 Bd7 6. a3 c4 7. Nbd2 Nc6 8. b4 cxb3
9. Qxb3 Qxb3 10. Nxb3 f6 11. Bd3 Nge7 12. O-O Ng6 13. Re1 fxe5 14. Bxg6+ hxg6
15. dxe5 Rc8 16. Be3 Nd8 17. Rec1 a6 18. a4 Be7 19. Nfd2 Nf7 20. Nf3 1/2-1/2

[Event "Guernsey Open"]
[Site "?"]
[Date "2002.??.??"]
[Round "5"]
[White "Hauptmann, Thomas"]
[Black "Bareham, D."]
[Result "1/2-1/2"]
[WhiteElo "2050"]
[BlackElo "1920"]
[PlyCount "69"]
[EventDate "2002.10.20"]

1. e4 c5 2. Nf3 d6 3. d4 cxd4 4. Nxd4 Nf6 5. Nc3 g6 6. Be2 Bg7 7. Be3 Nc6 8.
O-O O-O 9. h3 Nxd4 10. Bxd4 Be6 11. e5 dxe5 12. Bxe5 Qa5 13. Bf4 Rfd8 14. Qc1
Nd5 15. Nxd5 Bxd5 16. c3 Rac8 17. Qe3 e5 18. Bh6 Bxh6 19. Qxh6 Qb6 20. Qc1 Qc6
21. f3 Bc4 22. Bxc4 Qxc4 23. Qe3 Qc5 24. Qxc5 Rxc5 25. Rf2 Rcd5 26. Re1 f5 27.
Rfe2 Rd2 28. Kf1 Kf7 29. Rxd2 Rxd2 30. Rxe5 Rxb2 31. Rc5 Rxa2 32. Rc7+ Kf6 33.
Rxb7 h5 34. f4 Rc2 35. Rxa7 1/2-1/2

[Event "Guernsey Open"]
[Site "?"]
[Date "2002.??.??"]
[Round "5"]
[White "Kuijpers, Peter CA"]
[Black "Morris, Graham"]
[Result "1/2-1/2"]
[WhiteElo "1985"]
[BlackElo "1806"]
[PlyCount "35"]
[EventDate "2002.10.20"]

1. e4 c5 2. Nf3 d6 3. Bb5+ Bd7 4. Bxd7+ Qxd7 5. c4 Nc6 6. Nc3 Nf6 7. d4 cxd4 8.
Nxd4 e6 9. O-O Be7 10. Re1 a6 11. a4 Qc7 12. b3 O-O 13. Ba3 Rfd8 14. Nxc6 Qxc6
15. Qf3 Bf8 16. h3 Rac8 17. Rac1 Qb6 18. Rb1 1/2-1/2

[Event "Guernsey Open"]
[Site "?"]
[Date "2002.??.??"]
[Round "5"]
[White "Autin, DW."]
[Black "Havenaar, Jan"]
[Result "1/2-1/2"]
[WhiteElo "1920"]
[BlackElo "2267"]
[PlyCount "90"]
[EventDate "2002.10.20"]

1. d4 Nf6 2. Nf3 d6 3. Bg5 Nbd7 4. Nc3 c6 5. Qd2 h6 6. Bxf6 Nxf6 7. e4 Bg4 8.
Qe3 Qa5 9. Nd2 e6 10. Nc4 Qc7 11. Qg3 b5 12. e5 dxe5 13. Nxe5 O-O-O 14. f3 Bf5
15. O-O-O g5 16. f4 Ne4 17. Qf3 g4 18. Qe3 Nd6 19. h3 gxh3 20. gxh3 f6 21. Nf3
b4 22. Na4 Ne4 23. Bd3 Bd6 24. Ne5 fxe5 25. dxe5 Qa5 26. Bxe4 Qxa4 27. exd6 b3
28. Bxf5 bxa2 29. Bxe6+ Kb8 30. Bxa2 Qxa2 31. Qb3+ Qxb3 32. cxb3 Rhf8 33. Rhe1
Rxf4 34. Re2 Kb7 35. Re6 h5 36. d7 Rf5 37. Re8 Kc7 38. Rxd8 Rc5+ 39. Kb1 Kxd8
40. b4 Rc4 41. Rd6 Rxb4 42. Rxc6 Rh4 43. Ra6 Rxh3 44. Rxa7 Rd3 45. Kc2 Rxd7
1/2-1/2

[Event "Guernsey Open"]
[Site "?"]
[Date "2002.??.??"]
[Round "5"]
[White "Spanton, Timothy"]
[Black "De Kruif, Kees"]
[Result "1/2-1/2"]
[WhiteElo "2005"]
[BlackElo "1861"]
[PlyCount "40"]
[EventDate "2002.10.20"]

1. e4 c5 2. c4 d6 3. Ne2 Nf6 4. Nbc3 g6 5. d4 cxd4 6. Nxd4 Bg7 7. Be2 Nc6 8.
Be3 O-O 9. O-O Bd7 10. f3 a6 11. Qd2 Qc7 12. Rac1 Nxd4 13. Bxd4 Bc6 14. Nd5
Bxd5 15. cxd5 Qd7 16. Rc4 Rac8 17. Rfc1 Rxc4 18. Rxc4 Rc8 19. Qc3 Rxc4 20. Qxc4
Ne8 1/2-1/2

[Event "Guernsey Open"]
[Site "?"]
[Date "2002.??.??"]
[Round "5"]
[White "Burton, Ronnie"]
[Black "Dekker, Jop"]
[Result "1-0"]
[WhiteElo "2078"]
[BlackElo "1859"]
[PlyCount "65"]
[EventDate "2002.10.20"]

1. d4 Nf6 2. Nf3 e6 3. Bg5 h6 4. Bh4 b6 5. Nbd2 Bb7 6. e3 d6 7. Bd3 Nbd7 8. O-O
g5 9. Bg3 Nh5 10. c4 f5 11. Ne1 Nxg3 12. fxg3 h5 13. e4 Qf6 14. Nc2 f4 15. b4
e5 16. d5 g4 17. Nb3 Qg5 18. gxf4 exf4 19. Ncd4 f3 20. Qc1 Qxc1 21. Raxc1 Ne5
22. Rcd1 fxg2 23. Kxg2 Bh6 24. Ne6 Kd7 25. Be2 c6 26. Rf5 cxd5 27. cxd5 Rac8
28. Nbd4 Be3 29. Rdf1 Ke7 30. Rxe5 Bxd4 31. Ref5 Be5 32. Rf7+ Ke8 33. Bb5+ 1-0

[Event "Guernsey Open"]
[Site "?"]
[Date "2002.??.??"]
[Round "5"]
[White "Murray, J Stephen"]
[Black "Van de Walle, Rob P"]
[Result "0-1"]
[WhiteElo "2075"]
[BlackElo "1896"]
[PlyCount "68"]
[EventDate "2002.10.20"]

1. e4 c5 2. Nf3 d6 3. c3 Nf6 4. Bd3 Nc6 5. h3 g6 6. O-O Bg7 7. Re1 O-O 8. Bc2
e5 9. d3 h6 10. Nbd2 Kh7 11. Nf1 Be6 12. Bd2 Rc8 13. Ne3 Ng8 14. Bb3 Qd7 15.
Bxe6 Qxe6 16. Qb3 Qd7 17. Re2 Nge7 18. Rf1 Rb8 19. Qd1 b5 20. Qe1 a5 21. Nh4 a4
22. f4 exf4 23. Nd5 Nxd5 24. exd5 Ne5 25. d4 cxd4 26. cxd4 Nd3 27. Re7 Qd8 28.
Qe4 Bxd4+ 29. Kh2 Ne5 30. Qxf4 Qxe7 31. Qxh6+ Kg8 32. Bg5 f6 33. Nxg6 Nxg6 34.
Qxg6+ Qg7 0-1

[Event "Guernsey Open"]
[Site "?"]
[Date "2002.??.??"]
[Round "5"]
[White "Kirkwood, Robin"]
[Black "O'Toole, Anthony"]
[Result "1/2-1/2"]
[WhiteElo "2063"]
[BlackElo "1672"]
[PlyCount "63"]
[EventDate "2002.10.20"]

1. c4 e5 2. g3 Nc6 3. Bg2 d6 4. Nc3 f5 5. e3 Nf6 6. Nge2 Be7 7. O-O O-O 8. d4
a6 9. a3 Qe8 10. Nd5 Nxd5 11. cxd5 Nb8 12. b4 Bg5 13. dxe5 dxe5 14. f4 exf4 15.
exf4 Bf6 16. Ra2 c6 17. d6 Be6 18. Rd2 Qd7 19. Re1 Re8 20. Bb2 Bxb2 21. Rxb2 a5
22. Nc1 axb4 23. axb4 Bc4 24. Bf1 Rxe1 25. Qxe1 Bxf1 26. Kxf1 Qxd6 27. Qe8+ Qf8
28. Qe6+ Kh8 29. Nd3 Na6 30. Ne5 Re8 {(=)} 31. Nf7+ Kg8 32. Nh6+ 1/2-1/2

[Event "Guernsey Open"]
[Site "?"]
[Date "2002.??.??"]
[Round "5"]
[White "Gravett, AD."]
[Black "Goldberg, Menashe"]
[Result "1/2-1/2"]
[WhiteElo "1900"]
[BlackElo "2039"]
[PlyCount "49"]
[EventDate "2002.10.20"]

1. c4 e5 2. Nc3 Nc6 3. g3 f5 4. d3 Nf6 5. Bg2 Bc5 6. e3 O-O 7. Nge2 d6 8. O-O
Qe8 9. Kh1 a6 10. Nd5 Nxd5 11. cxd5 Ne7 12. f4 Ng6 13. a3 b5 14. Re1 Qf7 15.
Qc2 Bb7 16. fxe5 Bxd5 17. d4 Bxg2+ 18. Kxg2 Qd5+ 19. e4 fxe4 20. Be3 Bb6 21.
Nc3 Qb7 22. exd6 cxd6 23. Qxe4 Qxe4+ 24. Nxe4 d5 25. Nc5 1/2-1/2

[Event "Guernsey Open"]
[Site "?"]
[Date "2002.??.??"]
[Round "5"]
[White "Kuijpers, Paul JM"]
[Black "Von Saldern, Ruediger"]
[Result "0-1"]
[WhiteElo "1915"]
[BlackElo "2143"]
[PlyCount "110"]
[EventDate "2002.10.20"]

1. e4 e5 2. Nf3 Nc6 3. d4 exd4 4. Nxd4 Bc5 5. Be3 Qf6 6. c3 Nge7 7. Bb5 O-O 8.
O-O Bb6 9. Re1 d6 10. Ba4 Ne5 11. f3 Nc4 12. Bc1 Ng6 13. Bb3 Nce5 14. Be3 Bd7
15. Na3 Rad8 16. Nc4 Bc5 17. Nc2 Bb5 18. Nxe5 dxe5 19. Qc1 Bb6 20. c4 Ba6 21.
c5 Ba5 22. Bg5 Qc6 23. Bxd8 Bxe1 24. Nxe1 Rxd8 25. Bd5 Qb5 26. h3 c6 27. Bb3
Nf4 28. Qe3 h6 29. Qf2 Ne2+ 30. Kh2 Nd4 31. Qh4 Re8 32. Rc1 Nxb3 33. axb3 Qxb3
34. Rc2 Qe3 35. g4 Be2 36. Qg3 Bd1 37. Rc3 Qe2+ 38. Kh1 Qxb2 39. Rd3 Bb3 40. h4
Bc4 41. Rd1 a5 42. h5 f6 43. Ng2 a4 44. g5 fxg5 45. Ne3 Be6 46. Qe1 Rf8 47. Rb1
Qd4 48. Kg2 Qxc5 49. Rxb7 a3 50. Nf5 Bxf5 51. exf5 Qc2+ 52. Kg3 Qxf5 53. Qc3 g4
54. Qb3+ Kh8 55. Qxa3 gxf3 0-1

[Event "Guernsey Open"]
[Site "?"]
[Date "2002.??.??"]
[Round "5"]
[White "Ippel, Cornelius"]
[Black "Goman, Colin R"]
[Result "0-1"]
[WhiteElo "2108"]
[BlackElo "1590"]
[PlyCount "58"]
[EventDate "2002.10.20"]

1. Nc3 Nf6 2. e4 e5 3. f4 Nc6 4. Nf3 d6 5. Bc4 Bg4 6. O-O Qd7 7. Bb5 a6 8. Ba4
b5 9. Nxb5 axb5 10. Bxb5 Ra5 11. a4 Be7 12. Qe2 O-O 13. Qc4 Bxf3 14. Rxf3 Rxb5
15. Qxb5 Rb8 16. Qd3 Nb4 17. Qc4 exf4 18. d3 d5 19. exd5 Nbxd5 20. Bxf4 Rb4 21.
Qa2 Nxf4 22. c3 Qg4 23. b3 Rxb3 24. Qf2 Ne4 25. Qf1 Bc5+ 26. d4 Bd6 27. Re1 Rb2
28. Rxf4 Bxf4 29. Rxe4 Bxh2+ 0-1

[Event "Guernsey Open"]
[Site "?"]
[Date "2002.??.??"]
[Round "5"]
[White "Wood, Peter C"]
[Black "Van Hoek, W."]
[Result "1-0"]
[WhiteElo "1784"]
[BlackElo "1761"]
[PlyCount "55"]
[EventDate "2002.10.20"]

1. Nf3 e6 2. c4 f5 3. g3 Nf6 4. Bg2 Be7 5. O-O O-O 6. d4 d6 7. b3 Qe8 8. Ba3 a5
9. Nc3 Na6 10. Qd2 c6 11. Na4 Qd8 12. c5 Ne4 13. Qc2 Nb4 14. Bxb4 axb4 15. Qc4
Ra5 16. Qxb4 dxc5 17. dxc5 b5 18. Nb2 Bxc5 19. Qe1 Qb6 20. b4 Bxf2+ 21. Rxf2
Ra3 22. Nd3 e5 23. Nc5 Nxf2 24. Qxf2 Qa7 25. Nxe5 Rxa2 26. Rxa2 Qxa2 27. Ned3
Re8 28. Bxc6 1-0

[Event "Guernsey Open"]
[Site "?"]
[Date "2002.??.??"]
[Round "5"]
[White "Knight, Timothy"]
[Black "Lanzer, RA."]
[Result "1/2-1/2"]
[WhiteElo "1765"]
[BlackElo "1744"]
[PlyCount "43"]
[EventDate "2002.10.20"]

1. e4 e6 2. d3 d5 3. Nd2 Nf6 4. g3 b6 5. Bg2 Bb7 6. Ne2 c5 7. O-O Qc7 8. f4 Nc6
9. c3 O-O-O 10. Qc2 h5 11. exd5 exd5 12. Nf3 Bd6 13. Be3 Ng4 14. Bf2 Rde8 15.
Rae1 Nxf2 16. Rxf2 Kb8 17. Qd2 Ne7 18. Nc1 Nf5 19. Rxe8+ Rxe8 20. Re2 Rxe2 21.
Qxe2 Qe7 22. Kf2 1/2-1/2

[Event "Guernsey Open"]
[Site "?"]
[Date "2002.??.??"]
[Round "5"]
[White "Opgenhaffen, Gerie"]
[Black "Van de Linden, Marcel"]
[Result "0-1"]
[WhiteElo "1786"]
[BlackElo "1760"]
[PlyCount "76"]
[EventDate "2002.10.20"]

1. d4 Nf6 2. c4 d6 3. Nc3 Nbd7 4. Bg5 e5 5. d5 Be7 6. Nf3 O-O 7. e4 Nc5 8. Bxf6
Bxf6 9. b4 Nd7 10. Rc1 Bg5 11. Nxg5 Qxg5 12. Nb5 Qd8 13. Bd3 Nf6 14. O-O a6 15.
Nc3 Bd7 16. f4 Ng4 17. Qf3 exf4 18. Qxf4 Ne5 19. Be2 Qe7 20. Qg3 Rae8 21. Rf2
Kh8 22. Rcf1 Kg8 23. Nd1 Ng6 24. Rf3 Qxe4 25. Bd3 Qd4+ 26. Kh1 Ne5 27. Bxh7+
Kxh7 28. Rf4 Qd3 29. Qh4+ Kg8 30. Qh5 Qg6 31. Qh4 Qh7 32. Qg3 Ng6 33. R4f3 Qh4
34. Ne3 Qxg3 35. Rxg3 Re4 36. a3 Rfe8 37. Nd1 Rxc4 38. Rgf3 Ne5 0-1

[Event "Guernsey Open"]
[Site "?"]
[Date "2002.??.??"]
[Round "6"]
[White "Almond, Richard"]
[Black "Gelashvili, Tamaz"]
[Result "0-1"]
[WhiteElo "2127"]
[BlackElo "2516"]
[PlyCount "148"]
[EventDate "2002.10.20"]

1. d4 g6 2. c4 f5 3. g3 Nf6 4. Bg2 Bg7 5. Nf3 O-O 6. O-O d6 7. Nc3 Qe8 8. Re1
Qf7 9. b3 Ne4 10. Bb2 Nc6 11. Qd3 Nxc3 12. Bxc3 e5 13. dxe5 dxe5 14. Qd5 e4 15.
Bxg7 Kxg7 16. Qxf7+ Rxf7 17. Ng5 Re7 18. Red1 h6 19. Nh3 g5 20. f4 g4 21. Nf2
a5 22. a3 Be6 23. Rac1 Ree8 24. e3 Kf7 25. Bf1 Nb8 26. Rd2 Na6 27. Rcc2 Nc5 28.
Rb2 Red8 29. b4 Na4 30. Rxd8 Rxd8 31. Rc2 axb4 32. axb4 Nb6 33. Be2 Ra8 34. Nd1
Ra4 35. c5 Nd5 36. b5 Ra1 37. Kf2 Nb4 38. Rb2 Rxd1 39. Rxb4 Rc1 40. c6 bxc6 41.
bxc6 Rxc6 42. Rb2 Rc1 43. Bb5 c5 44. Ba4 Ra1 45. Bb5 Ke7 46. Rc2 Kd6 47. Rd2+
Kc7 48. Rc2 Kb6 49. Rb2 Ka5 50. Be2 Rc1 51. Rb5+ Ka4 52. Rb6 Bc4 53. Bxc4 Rxc4
54. Rxh6 Rc2+ 55. Ke1 c4 56. Rh5 c3 57. Kd1 Rd2+ 58. Kc1 Kb3 59. Rxf5 Rxh2 60.
Rb5+ Kc4 61. Rb6 Kd3 62. Rd6+ Kxe3 63. f5 Rf2 64. f6 Rf3 65. Kc2 Kf2 66. Re6
Kxg3 67. Rxe4 Rxf6 68. Kxc3 Rd6 69. Re8 Kg2 70. Rg8 g3 71. Rg7 Kf2 72. Rf7+ Kg1
73. Rg7 g2 74. Rg8 Rh6 0-1

[Event "Guernsey Open"]
[Site "?"]
[Date "2002.??.??"]
[Round "6"]
[White "Woodward, Timothy"]
[Black "Goris, Ton"]
[Result "1-0"]
[WhiteElo "2185"]
[BlackElo "2078"]
[PlyCount "133"]
[EventDate "2002.10.20"]

1. d4 e6 2. c4 Nf6 3. Nc3 c5 4. d5 exd5 5. cxd5 d6 6. Nf3 g6 7. Bf4 a6 8. e4
Bg7 9. a4 O-O 10. Bd3 Bg4 11. h3 Bxf3 12. Qxf3 Qc7 13. O-O Nbd7 14. Rfe1 Rab8
15. a5 Rfe8 16. Qe2 Ne5 17. Bh2 Nxd3 18. Qxd3 Nd7 19. Na4 Ne5 20. Bxe5 Bxe5 21.
Qd2 Qd7 22. Nb6 Qb5 23. Rac1 Qxb2 24. Qxb2 Bxb2 25. Rb1 Bc3 26. Re2 Bxa5 27.
Nd7 Bb4 28. Nxb8 Rxb8 29. e5 dxe5 30. Rxe5 Kf8 31. d6 a5 32. Rd1 c4 33. d7 Rd8
34. Rb5 c3 35. Rxb7 c2 36. Rc1 Ke7 37. Rxc2 Rxd7 38. Rcc7 Rxc7 39. Rxc7+ Ke6
40. Ra7 h5 41. Kf1 f6 42. Ke2 Kf5 43. Ra6 g5 44. g3 Bc3 45. Rb6 Bb4 46. f3 Kg6
47. g4 hxg4 48. hxg4 Bc3 49. Rc6 Bb4 50. Kd3 Be1 51. Ke4 Bf2 52. Kd5 Be1 53.
Ke6 Bd2 54. Ra6 Kg7 55. Kf5 Bc3 56. Ra7+ Kh6 57. Rc7 Bb2 58. Rc2 Bd4 59. Ke4
Be5 60. Rc5 Kg6 61. Rxa5 Bc3 62. Ra6 Bb2 63. Kd5 Bc3 64. Ke6 Bd4 65. Ra8 Kg7
66. Kf5 Kf7 67. Rb8 1-0

[Event "Guernsey Open"]
[Site "?"]
[Date "2002.??.??"]
[Round "6"]
[White "Reijneveld, Ad"]
[Black "Skorna, Ullrich"]
[Result "1-0"]
[WhiteElo "2110"]
[BlackElo "2180"]
[PlyCount "61"]
[EventDate "2002.10.20"]

1. Nc3 d5 2. d4 e6 3. e4 Bb4 4. e5 Ne7 5. Qg4 Ng6 6. h4 h5 7. Qg3 Nc6 8. Bd3
Nce7 9. Bg5 Qd7 10. Bxe7 Nxe7 11. Qxg7 Rg8 12. Qh7 c5 13. Kf1 Bxc3 14. bxc3 Qa4
15. Nh3 Bd7 16. Ng5 Rf8 17. Rh3 cxd4 18. Re1 Bb5 19. Rf3 Bxd3+ 20. cxd3 dxc3
21. Rxf7 Rxf7 22. Qxf7+ Kd7 23. Qxe6+ Ke8 24. Qf7+ Kd7 25. Nh7 Qa3 26. Nf6+ Kc6
27. Qe6+ Kb5 28. Nxd5 Qc5 29. Rb1+ Ka4 30. Qxe7 c2 31. Rb4+ 1-0

[Event "Guernsey Open"]
[Site "?"]
[Date "2002.??.??"]
[Round "6"]
[White "Corkett, Anthony"]
[Black "Kitchlew, Andrew"]
[Result "1-0"]
[WhiteElo "2313"]
[BlackElo "2090"]
[PlyCount "69"]
[EventDate "2002.10.20"]

1. e4 e6 2. d4 Nf6 3. e5 Nd5 4. Nf3 d6 5. a3 dxe5 6. dxe5 Be7 7. Bd3 Nd7 8. c3
Nc5 9. Bc2 Bd7 10. b4 Na6 11. Qe2 c5 12. b5 Nac7 13. c4 Nb6 14. O-O a6 15. bxa6
Nxa6 16. Nc3 Bc6 17. Rb1 Nb8 18. Rd1 N8d7 19. Ne4 Nc8 20. Rd3 Qc7 21. Bf4 Qa5
22. Nd6+ Nxd6 23. exd6 Bf6 24. Ne5 Nxe5 25. Bxe5 Kd7 26. Rdb3 Rab8 27. Be4 Qa8
28. Bxf6 gxf6 29. Rb6 Kxd6 30. Qb2 Kc7 31. Qxf6 Rhd8 32. Bxc6 Rd1+ 33. Rxd1
Kxb6 34. Bf3 Rf8 35. Rb1+ 1-0

[Event "Guernsey Open"]
[Site "?"]
[Date "2002.??.??"]
[Round "6"]
[White "Van Dijk, Bram"]
[Black "Arnott, Jonathan"]
[Result "1-0"]
[WhiteElo "2241"]
[BlackElo "2070"]
[PlyCount "57"]
[EventDate "2002.10.20"]

1. e4 e6 2. d4 d5 3. e5 c5 4. Nf3 Qb6 5. Bd3 Nc6 6. O-O cxd4 7. Re1 Bd7 8. Ng5
g6 9. Qf3 Nd8 10. a4 h6 11. Nxf7 Nxf7 12. Bxg6 O-O-O 13. Qxf7 Bb4 14. a5 Qc5
15. c3 dxc3 16. bxc3 Bxc3 17. Ba3 Bb4 18. Rc1 Qxc1+ 19. Bxc1 Rf8 20. Qg7 Ne7
21. Bf7 Nf5 22. Qg6 Bc5 23. Ba3 Ne7 24. Qc2 Rxf7 25. Bxc5 Nc6 26. Bxa7 Rf4 27.
Nd2 Rhf8 28. a6 bxa6 29. Bc5 1-0

[Event "Guernsey Open"]
[Site "?"]
[Date "2002.??.??"]
[Round "6"]
[White "Loerke, Reinhard"]
[Black "Mycroft, R."]
[Result "0-1"]
[WhiteElo "2086"]
[BlackElo "2008"]
[PlyCount "108"]
[EventDate "2002.10.20"]

1. e4 g6 2. d4 Bg7 3. f4 d5 4. e5 c5 5. Nf3 Bg4 6. Bb5+ Nc6 7. dxc5 Qa5+ 8. Nc3
a6 9. Bxc6+ bxc6 10. Be3 Rb8 11. Qc1 Bxf3 12. gxf3 Nh6 13. a3 Nf5 14. b4 Qd8
15. Ne2 d4 16. Bd2 Qd5 17. O-O Nh4 18. c4 Nxf3+ 19. Kh1 Qe4 20. Ng3 Qd3 21. Ra2
h5 22. Qb1 Qxb1 23. Rxb1 g5 24. Nf5 Bh6 25. Kg2 Nh4+ 26. Nxh4 gxh4 27. a4 Rg8+
28. Kf3 h3 29. Rab2 Rg2 30. Be1 Kd7 31. Rxg2 hxg2 32. Bf2 d3 33. b5 Ke6 34. Ke4
f5+ 35. Kf3 d2 36. b6 Rd8 37. Rd1 h4 38. Be3 h3 39. Kf2 Rd3 40. Ke2 Rd7 41. Rb1
Bxf4 42. Bg1 Bxe5 43. b7 d1=Q+ 44. Rxd1 Rxb7 45. Rd3 Rb2+ 46. Ke1 Rb1+ 47. Kf2
f4 48. Rxh3 Bd4+ 49. Kxg2 Rxg1+ 50. Kf3 Ra1 51. Rh6+ Bf6 52. h4 Rxa4 53. h5
Rxc4 54. Rg6 Rxc5 0-1

[Event "Guernsey Open"]
[Site "?"]
[Date "2002.??.??"]
[Round "6"]
[White "Huijzer, J."]
[Black "Thurlow, Kevin"]
[Result "1/2-1/2"]
[WhiteElo "1890"]
[BlackElo "2203"]
[PlyCount "47"]
[EventDate "2002.10.20"]

1. e4 c5 2. Nc3 Nc6 3. f4 e6 4. Nf3 a6 5. Be2 Nge7 6. O-O g6 7. d4 cxd4 8. Nxd4
Bg7 9. Be3 d5 10. Bf3 O-O 11. exd5 exd5 12. Nxc6 bxc6 13. Bd4 Nf5 14. Bxg7 Kxg7
15. Qd2 Rb8 16. Na4 Qf6 17. c3 a5 18. Rfe1 Nd6 19. b3 h5 20. Rad1 Bf5 21. Qd4
Ne4 22. Bxe4 Bxe4 23. Nc5 Bf5 24. Re7 1/2-1/2

[Event "Guernsey Open"]
[Site "?"]
[Date "2002.??.??"]
[Round "6"]
[White "Ruston, Mark"]
[Black "Lock, Gavin"]
[Result "1/2-1/2"]
[WhiteElo "2065"]
[BlackElo "2120"]
[PlyCount "31"]
[EventDate "2002.10.20"]

1. e4 e6 2. d4 d5 3. Nd2 c5 4. Ngf3 Nf6 5. exd5 exd5 6. dxc5 Bxc5 7. Nb3 Bb6 8.
Bb5+ Nc6 9. O-O O-O 10. Bg5 Re8 11. c3 a6 12. Ba4 Re4 13. Nbd2 Re8 14. Nb3 Re4
15. Nbd2 Re8 16. Nb3 1/2-1/2

[Event "Guernsey Open"]
[Site "?"]
[Date "2002.??.??"]
[Round "6"]
[White "Tan, HB."]
[Black "Brown, Allen M"]
[Result "1/2-1/2"]
[WhiteElo "2149"]
[BlackElo "2133"]
[PlyCount "66"]
[EventDate "2002.10.20"]

1. e4 e6 2. d4 d5 3. e5 c5 4. c3 Qb6 5. Nf3 Nc6 6. Bd3 Bd7 7. O-O cxd4 8. cxd4
Nxd4 9. Nxd4 Qxd4 10. Qe2 Qb6 11. Nc3 Ne7 12. Kh1 Nc6 13. f4 g6 14. a3 Nd4 15.
Qe1 Nb3 16. Rb1 Be7 17. Be3 d4 18. Bf2 Qa5 19. Qd1 dxc3 20. Qxb3 Bc6 21. Be1 {
(=)} Rd8 22. Be2 O-O 23. Bxc3 Qd5 24. Qxd5 Bxd5 25. b4 Rc8 26. Rbc1 Bc4 27.
Bxc4 Rxc4 28. h3 a5 29. Bd2 Rfc8 30. bxa5 Bxa3 31. Rxc4 Rxc4 32. Rb1 Rc2 33.
Rb3 Rxd2 1/2-1/2

[Event "Guernsey Open"]
[Site "?"]
[Date "2002.??.??"]
[Round "6"]
[White "Rosen, Daniel"]
[Black "Kemp, Paul M"]
[Result "1/2-1/2"]
[WhiteElo "2201"]
[BlackElo "2028"]
[PlyCount "66"]
[EventDate "2002.10.20"]

1. e4 c5 2. f4 g6 3. Nf3 Bg7 4. Nc3 Nc6 5. Bb5 Nd4 6. O-O Nxb5 7. Nxb5 d5 8.
exd5 a6 9. Nc3 Nf6 10. d3 Nxd5 11. Bd2 Nxc3 {(=)} 12. Bxc3 Bxc3 13. bxc3 Bg4
14. Qd2 Bxf3 15. Rxf3 Qb6 16. f5 O-O-O 17. Qf2 g5 18. Qe3 g4 19. Rf4 g3 20.
hxg3 Rhg8 21. Re4 Rd5 22. Rf1 Qf6 23. c4 Rxf5 24. Rxf5 Qxf5 25. Rxe7 f6 26. Rf7
Qh5 27. Qe6+ Kb8 28. Rxf6 Re8 29. Qd6+ Ka8 30. Rf1 Qe2 31. Qxc5 Qxc2 32. Qa3
Qd2 33. Rf8 Qd1+ 1/2-1/2

[Event "Guernsey Open"]
[Site "?"]
[Date "2002.??.??"]
[Round "6"]
[White "Bareham, D."]
[Black "Doell, Detlef"]
[Result "1-0"]
[WhiteElo "1920"]
[BlackElo "2148"]
[PlyCount "47"]
[EventDate "2002.10.20"]

1. e4 c5 2. Nc3 e6 3. f4 a6 4. Nf3 d5 5. Qe2 d4 6. Nd1 Nf6 7. c4 Nc6 8. d3 Be7
9. g3 b5 10. e5 Ng8 11. b3 Qc7 12. Bg2 Nh6 13. O-O Bb7 14. Nf2 Nf5 15. Ne4 h5
16. h3 g6 17. g4 hxg4 18. hxg4 Nh6 19. Nfg5 b4 20. f5 gxf5 21. gxf5 Nxf5 22.
Rxf5 exf5 23. Nd6+ Kd7 24. e6+ 1-0